| 000 | 00860nam a22002777a 4500 | ||
|---|---|---|---|
| 001 | 7001 | ||
| 003 | FISKH | ||
| 005 | 20250617101302.0 | ||
| 008 | 250617b cb ||||| |||| 00| 0 eng d | ||
| 020 | _a9780545080811 | ||
| 040 |
_aFISKH _beng _cFISKH _dFISKH |
||
| 050 | _aQL336.R93 | ||
| 082 | _a591.96 | ||
| 100 | _aRyan-Herndon, Lisa | ||
| 245 |
_aAnimals of Africa / _cby Lisa Ryan-Herndon |
||
| 250 | _aFirst Scholastic printing, September 2008 | ||
| 260 |
_aNew York : _bScholastic, _c2006 |
||
| 300 |
_a32 unnumbered pages : _bcolor illustrations ; _c23 cm |
||
| 505 | _aO | ||
| 520 | _aThis book explores the large continent of Africa and the different habitats where animals live. | ||
| 521 | 8 |
_a600
_bLexile estimate |
|
| 521 | 8 |
_aO
_bRaz-Plus |
|
| 650 |
_aAnimal facts _vAfrica _xHabitats |
||
| 942 |
_2ddc _cBK _n0 |
||
| 999 |
_c7001 _d7001 |
||